00624nam a2200169 a 450000100100000000500170001000800410002702000180006804000250008610000330011124500980014426000390024230000210028150400300030295201050033299900170043700004473820201002045605.0150108s2007 dr c 000 0 spa d a9789945161595 aDO-SdBNPbspacBNPHU1 aPérez Bonillad195597274110aÁmbitos del País E Higüey :bjurídico, electoral, gremial, social /cPérez Bonilla. aSanto Domingo :bMediabyte,c2007. a334 p. ;c23 cm. aBibliografía p: 327-334 0010718PDaPDbPDcCTd2015-01-08iLF1l0o p44738-10r2020-06-25w2020-06-25yLFPDZNo se presta c44227d44227